000 00617nam a2200181 a 4500
005 20140412111343.0
008 040122s19uu xx 00 eng d
050 _aBB
_bMo915 2002
100 _aSantos, Nati A.
245 _aThe most beautiful house in the forest /
_cwritten by Nati A. Santos and Dinna A. Santos-Polo; illustrated by Arturo C. Paguia.
260 _aPasay City :
_bLittle Big Books Inc,
_c2002.
300 _a16 p. ; ill.
440 _aLittle Big Books Easy Reading Series-Set 1
650 _aHouse--Fiction
650 _aCollaboration--Fiction
650 _aChildren stories
999 _c105156
_d105156